000 00504nam a2200157 4500
001 121665
003 ES-MaACL
005 20230906191809.0
007 t|
008 070214s1964 sp r ||||1| spa d
100 1 _aPortela Pazos, Salustiano.
_993211
245 1 3 _aLa guerra de la independencia en Galicia /
_cSalustiano Portela Pazos.
260 _aSantiago de Compostela :
_b[s.n.],
_c1964 (
_fTip. Seminario Conciliar)
300 _a240 p. :
_bil. ;
_c24 cm.
852 _aES-MaACL
_jC-27177
_bR.55050
999 _c121665
_d121665